Гирокомпас

Bibliographische Detailangaben
Körperschaft: Томский политехнический университет (ТПУ)
Weitere Verfasser: Замятин В. М. Владимир Маркович, Белянин Л. Н. Лев Николаевич, Замятина Е. И., Нестеренко В. П.
Zusammenfassung:опубл. 10.02.00
Гирокомпас, содержащий чувствительный элемент, подвешенный на торсионе, следящую систему раскручивания торсиона, состоящую из корпуса и последовательно соединенных датчика угла, сумматора, усилителя и двигателя с установленным на его валу тахогенератором, выход которого соединен с входом сумматора следящей системы раскручивания торсиона, отличающийся тем, что, с целью улучшения демпфирования колебаний чувствительного элемента, в него введена дополнительная следящая система, выполненная в виде корпуса и последовательно соединенных датчика угла, сумматора, усилителя и двигателя с установленным на его валу тахогенератором, выход которого соединен с входами сумматора дополнительной следящей системы и сумматора системы раскручивания торсиона.
Sprache:Russisch
Veröffentlicht:
Schlagworte:
Online-Zugang:http://www1.fips.ru/fips_servl/fips_servlet?DB=RUPAT&rn=1609&DocNumber=915535&TypeFile=html
Format: MixedMaterials Elektronisch Buch
KOHA link:https://koha.lib.tpu.ru/cgi-bin/koha/opac-detail.pl?biblionumber=649763

MARC

LEADER 00000nlm0a2200000 4500
001 649763
005 20231102025655.0
029 1 0 |a RU  |b 915535  |c А. с.  |d МПК G 01 C 19/38 
035 |a (RuTPU)RU\TPU\network\14925 
035 |a RU\TPU\network\4322 
039 0 |a RU  |b 2924311/23  |c 19800514 
090 |a 649763 
100 |a 20160809j20000210k y0rusy50 ca 
101 0 |a rus 
102 |a RU 
105 |a a k 000zy 
135 |a drgn ---uucaa 
181 0 |a i  
182 0 |a b 
200 1 |a Гирокомпас  |f В. М. Замятин [и др.]  |g Томский политехнический университет (ТПУ) 
203 |a Текст  |c электронный 
300 |a опубл. 10.02.00 
330 |a Гирокомпас, содержащий чувствительный элемент, подвешенный на торсионе, следящую систему раскручивания торсиона, состоящую из корпуса и последовательно соединенных датчика угла, сумматора, усилителя и двигателя с установленным на его валу тахогенератором, выход которого соединен с входом сумматора следящей системы раскручивания торсиона, отличающийся тем, что, с целью улучшения демпфирования колебаний чувствительного элемента, в него введена дополнительная следящая система, выполненная в виде корпуса и последовательно соединенных датчика угла, сумматора, усилителя и двигателя с установленным на его валу тахогенератором, выход которого соединен с входами сумматора дополнительной следящей системы и сумматора системы раскручивания торсиона. 
610 1 |a труды учёных ТПУ 
610 1 |a электронный ресурс 
610 1 |a изобретения 
610 1 |a авторские свидетельства 
610 1 |a гирокомпасы 
701 1 |a Замятин  |b В. М.  |c специалист в области машиностроения  |c доцент Томского политехнического университета, кандидат технических наук  |f 1951-  |g Владимир Маркович  |2 stltpush  |3 (RuTPU)RU\TPU\pers\24227 
701 1 |a Белянин  |b Л. Н.  |c специалист в области точного приборостроения  |c доцент Томского политехнического университета, кандидат технических наук  |c выпускник ТПИ 1967 г.  |f 1944-  |g Лев Николаевич  |2 stltpush  |3 (RuTPU)RU\TPU\pers\26583  |9 12266 
701 1 |a Замятина  |b Е. И. 
701 1 |a Нестеренко  |b В. П. 
712 0 2 |a Томский политехнический университет (ТПУ)  |c (1991-2009)  |2 stltpush  |3 (RuTPU)RU\TPU\col\376 
801 1 |a RU  |b 63413507  |c 20120201 
801 2 |a RU  |b 63413507  |c 20160809  |g RCR 
856 4 |u http://www1.fips.ru/fips_servl/fips_servlet?DB=RUPAT&rn=1609&DocNumber=915535&TypeFile=html 
942 |c CF